Cálculo
সংরক্ষণ করুন:
| প্রধান লেখক: | , |
|---|---|
| বিন্যাস: | গ্রন্থ |
| ভাষা: | স্প্যানিশ |
| প্রকাশিত: |
Bogotá
McGraw Hill
2001
|
| সংস্করন: | 4a. ed |
| মালা: | Schaum
|
| বিষয়গুলি: | |
| ট্যাগগুলো: |
ট্যাগ যুক্ত করুন
কোনো ট্যাগ নেই, প্রথমজন হিসাবে ট্যাগ করুন!
|
MARC
| LEADER | 00000nam a2200000 a 4500 | ||
|---|---|---|---|
| 001 | UCL2769 | ||
| 003 | CL-VaPUC | ||
| 008 | 031107e20010000CK |||||||||||||||||spa|d | ||
| 020 | |a 9584101315 | ||
| 082 | 0 | 4 | |a 515 |b AYR |2 21 |
| 100 | 0 | |a Ayres, Frank |e author |9 479881 | |
| 700 | 0 | |a Mendelson, Elliot |e author |9 479882 | |
| 245 | 1 | 0 | |a Cálculo |
| 250 | |a 4a. ed | ||
| 300 | |a 596 p | ||
| 942 | |c BK | ||
| 945 | |d 20031107 00:00:00 |a vberengu | ||
| 260 | |a Bogotá |b McGraw Hill |c 2001 | ||
| 650 | 0 | |a Cálculo |9 260234 | |
| 650 | 0 | |a Ecuaciones |9 260137 | |
| 650 | 0 | |a Funciones |9 263869 | |
| 650 | 0 | |a Límites |9 255439 | |
| 650 | 0 | |a Derivadas |9 354237 | |
| 650 | 0 | |a Rectas |9 432612 | |
| 650 | 0 | |a Trigonometría |9 259568 | |
| 650 | 0 | |a Funciones trigonométricas |9 421678 | |
| 650 | 0 | |a Funciones exponenciales |9 360716 | |
| 650 | 0 | |a Funciones logarítmicas |9 358858 | |
| 650 | 0 | |a Integrales |9 260233 | |
| 650 | 0 | |a Ecuaciones diferenciales |9 260083 | |
| 583 | |a last modification |c 20031107 00:00:00 |k Rodrigo Vera | ||
| 490 | 0 | |a Schaum | |
| 999 | |c 305962 |d 305960 | ||
| 952 | |0 0 |1 0 |2 ddc |4 0 |6 515_000000000000000_AYR_2001 |7 0 |8 A |9 370548 |a BIBING |b BIBING |c RES |d 2019-11-21 |i 3958019 |l 1 |o 515 AYR 2001 |p 3958019 |r 2025-01-20 |s 2023-05-09 |w 2019-11-21 |y BK |k EIE | ||
| 952 | |0 0 |1 0 |2 ddc |4 0 |6 515_000000000000000_AYR_2001 |7 0 |8 A |9 370549 |a BIBING |b BIBING |c RES |d 2019-11-21 |i 3958027 |o 515 AYR 2001 |p 3958027 |r 2025-01-20 |w 2019-11-21 |y BK |k EIE | ||
| 952 | |0 0 |1 0 |2 ddc |4 0 |6 515_000000000000000_AYR_2001 |7 0 |8 A |9 370550 |a BIBING |b BIBING |c RES |d 2019-11-21 |i 3958035 |o 515 AYR 2001 |p 3958035 |r 2025-01-20 |w 2019-11-21 |y BK |k EIE | ||
| 952 | |0 0 |1 0 |2 ddc |4 0 |6 515_000000000000000_AYR_2001 |7 0 |8 A |9 370551 |a BIBING |b BIBING |c RES |d 2019-11-21 |i 3958736 |l 2 |o 515 AYR 2001 |p 3958736 |r 2025-01-20 |s 2024-11-18 |w 2019-11-21 |y BK |k EIE | ||
| 952 | |0 0 |1 0 |2 ddc |4 0 |6 515_000000000000000_AYR_2001 |7 0 |8 A |9 370552 |a BIBING |b BIBING |c RES |d 2019-11-21 |i 3958744 |o 515 AYR 2001 |p 3958744 |r 2025-01-20 |w 2019-11-21 |y BK |k EIE | ||
| 952 | |0 0 |1 0 |4 0 |6 515_000000000000000_AYR_2001 |7 0 |8 A |9 370553 |a BIBMAT |b BIBMAT |d 2019-11-21 |i 3973689 |l 2 |m 1 |o 515 AYR 2001 |p 3973689 |r 2025-01-07 |s 2024-09-11 |w 2019-11-21 |y BK |k MAT | ||
| 952 | |0 0 |1 0 |4 0 |6 515_000000000000000_AYR_2001 |7 0 |8 A |9 370555 |a BIBMAT |b BIBMAT |d 2019-11-21 |i 3973700 |l 1 |o 515 AYR 2001 |p 3973700 |r 2025-01-07 |s 2024-08-13 |w 2019-11-21 |y BK |k MAT | ||
| 952 | |0 0 |1 0 |4 0 |6 515_000000000000000_AYR_2001 |7 0 |8 A |9 370556 |a BIBMAT |b BIBMAT |d 2019-11-21 |i 4155319 |o 515 AYR 2001 |p 4155319 |r 2025-01-07 |w 2019-11-21 |y BK |k MAT | ||
| 952 | |0 0 |1 0 |4 0 |6 515_000000000000000_AYR_2001 |7 0 |8 A |9 370557 |a BIBMAT |b BIBMAT |d 2019-11-21 |i 419327K |o 515 AYR 2001 |p 419327K |r 2025-01-07 |w 2019-11-21 |y BK |k MAT | ||
| 952 | |0 0 |1 0 |2 ddc |4 0 |6 515_000000000000000_AYR_2001 |7 0 |8 A |9 370558 |a BIBING |b BIBING |c RES |d 2019-11-21 |i 4273214 |o 515 AYR 2001 |p 4273214 |r 2025-01-20 |w 2019-11-21 |y BK |k EIE | ||
| 952 | |0 0 |1 0 |2 ddc |4 0 |6 515_000000000000000_AYR_2001 |7 0 |8 A |9 370559 |a BIBING |b BIBING |c RES |d 2019-11-21 |i 4273222 |l 1 |o 515 AYR 2001 |p 4273222 |r 2025-01-20 |s 2023-08-29 |w 2019-11-21 |y BK |k EIE | ||
| 952 | |0 0 |1 0 |2 ddc |4 0 |6 515_000000000000000_AYR_2001 |7 0 |8 A |9 370560 |a BIBING |b BIBING |c RES |d 2019-11-21 |i 4273230 |l 4 |o 515 AYR 2001 |p 4273230 |r 2025-01-20 |s 2023-04-05 |w 2019-11-21 |y BK |k EIE | ||
| 952 | |0 0 |1 0 |2 ddc |4 0 |6 515_000000000000000_AYR_2001 |7 0 |8 A |9 370561 |a BIBING |b BIBING |c RES |d 2019-11-21 |i 4273249 |o 515 AYR 2001 |p 4273249 |r 2025-01-20 |w 2019-11-21 |y BK |k EIE | ||
| 952 | |0 0 |1 0 |2 ddc |4 0 |6 515_000000000000000_AYR_2001 |7 0 |8 A |9 370562 |a BIBING |b BIBING |c RES |d 2019-11-21 |i 4273257 |o 515 AYR 2001 |p 4273257 |r 2025-01-20 |w 2019-11-21 |y BK |k EIE | ||
| 952 | |0 0 |1 0 |2 ddc |4 0 |6 515_000000000000000_AYR_2001 |7 0 |8 A |9 370563 |a BIBING |b BIBING |c RES |d 2019-11-21 |i 432305K |o 515 AYR 2001 |p 432305K |r 2025-01-20 |w 2019-11-21 |y BK |k ING | ||
| 952 | |0 0 |1 0 |2 ddc |4 0 |6 515_000000000000000_AYR_2001 |7 0 |8 A |9 370565 |a BIBING |b BIBING |c RES |d 2019-11-21 |i 4641248 |o 515 AYR 2001 |p 4641248 |r 2025-01-20 |w 2019-11-21 |y BK |k CCI | ||